000 00647na a2200217 4500
001 20142
003 MIRAKIL
005 20181213155105.0
008 170104b tu 000 0
040 _aMilas
_btur
_cTR-AnCHP
041 _atur
082 _a363.709561
_bA86 1998
090 _a363.709561 A86 1998
245 _aAvrupa Birliği ve Türkiye'nin çevre politikalarının karşılaştırmalı incelemesi
_cİktisadi Kalkınma Vakfı
260 _aİstanbul
_bİKV
_c1998
300 _a113 s.
_btbl.
_c30 sm.
490 _aİKV
_v153
650 _aAvrupa Birliği
_xÇevre politikaları
_zTürkiye
710 _aİKV
942 _2dcc
_cBKS
999 _c6357
_d6357